Every Airport Code by First Two Letters - AG - Statistics

General Stats
  • This quiz has been taken 3 times
  • The average score is 10 of 24
Answer Stats
Code Country Answer % Correct
AGA ๐Ÿ‡ฒ๐Ÿ‡ฆ Agadir
100%
AGR ๐Ÿ‡ฎ๐Ÿ‡ณ Agra
100%
AGU ๐Ÿ‡ฒ๐Ÿ‡ฝ Aguascalientes
67%
AGS ๐Ÿ‡บ๐Ÿ‡ธ Augusta
67%
AGP ๐Ÿ‡ช๐Ÿ‡ธ Mรกlaga
67%
AGV ๐Ÿ‡ป๐Ÿ‡ช Acarigua
33%
AGX ๐Ÿ‡ฎ๐Ÿ‡ณ Agatti Island
33%
AGF ๐Ÿ‡ซ๐Ÿ‡ท Agen
33%
AGZ ๐Ÿ‡ฟ๐Ÿ‡ฆ Aggeneys
33%
AGW ๐Ÿ‡ฆ๐Ÿ‡บ Agnew
33%
AGQ ๐Ÿ‡ฌ๐Ÿ‡ท Agrinion
33%
AGJ ๐Ÿ‡ฏ๐Ÿ‡ต Aguni
33%
AGH ๐Ÿ‡ธ๐Ÿ‡ช ร„ngelholm/Helsingborg
33%
AGD ๐Ÿ‡ฎ๐Ÿ‡ฉ Anggi
33%
AGN ๐Ÿ‡บ๐Ÿ‡ธ Angoon
33%
AGG ๐Ÿ‡ต๐Ÿ‡ฌ Angoram
33%
AGT ๐Ÿ‡ต๐Ÿ‡พ Ciudad del Este
33%
AGK ๐Ÿ‡ต๐Ÿ‡ฌ Kagua
33%
AGO ๐Ÿ‡บ๐Ÿ‡ธ Magnolia
33%
AGC ๐Ÿ‡บ๐Ÿ‡ธ Pittsburgh
33%
AGI ๐Ÿ‡ธ๐Ÿ‡ท Wageningen
33%
AGE ๐Ÿ‡ฉ๐Ÿ‡ช Wangerooge
33%
AGL ๐Ÿ‡ต๐Ÿ‡ฌ Wanigela
33%
AGB ๐Ÿ‡ฉ๐Ÿ‡ช Ausburg
0%
No matching quizzes found
Score Distribution
Percent of People with Each Score
Percentile by Number Answered
Your Score History
You have not taken this quiz